000 00596nam a22001817a 4500
005 20231121125427.0
008 231121b |||||||| |||| 00| 0 eng d
020 _a0702143960
041 _aEnglish
082 _a342.8 MEY
100 _aMeyerson, D
_lEnglish
245 _aRights Limited : Freedom of Expression, Religion and the South African Constitution /
_cD Meyerson
250 _aFirst Edition
260 _aCape Town :
_bJuta and Company Ltd,
_c1997
300 _bxxviii, 185 pages ;
_c25,6 cm.
650 _aLegal practice
_bLaw
942 _cBK
_6ALISON_BN_VRIES
999 _c841
_d841